| 000 | 00637nam a2200181Ia 4500 | ||
|---|---|---|---|
| 003 | GCL | ||
| 008 | 140319s9999 xx 000 0 ara d | ||
| 040 |
_aGCL / _cGCL |
||
| 082 | 0 | 4 |
_aد _b050 _bدهـ |
| 245 | 1 | 0 | _aهكذا كانت مصر (الهلال يناير 1998) |
| 260 |
_aالقاهرة : _bدار الهلال للطباعة والنشر ، _c1998 |
||
| 650 | 0 | 4 | _aاللغة العربية |
| 650 | 0 | 4 | _aالقصة العربية |
| 650 | 0 | 4 | _aالبحث العلمى |
| 650 | 0 | 4 | _aاليهود فى الولايات المتحدة الامريكية |
| 650 | 0 | 4 | _aالمسرحيات - تاريخ ونقد |
| 942 |
_2ddc _cCR |
||
| 999 |
_c6758 _d6758 |
||